Quantum groups, quantum categories, and quantum field theory

Αποθηκεύτηκε σε:
Λεπτομέρειες βιβλιογραφικής εγγραφής
Κύριος συγγραφέας: Frohlich, Jurg
Άλλοι συγγραφείς: Kerler, Thomas 1965-
Μορφή: Βιβλίο
Γλώσσα:English
Δημοσίευση: Berlin ; New York : Springer-Verlag, c1993
Σειρά:Lecture notes in mathematics (Springer-Verlag) ; 1542
Θέματα:
Ετικέτες: Προσθήκη ετικέτας
Δεν υπάρχουν, Καταχωρήστε ετικέτα πρώτοι!

MARC

LEADER 00000cam a2200000 i 4500
001 1/29785
008 960703s1993 eng d
020 |a 3540566236 
020 |a 0387566236 
035 |l 10038404 
035 |a 1995 
040 |a GR-MY-UA  |b gre  |e aacr 
041 0 |a eng 
082 0 |a 530.143  |2 (20) 
100 1 |a Frohlich, Jurg. 
245 1 0 |a Quantum groups, quantum categories, and quantum field theory /  |c Jurg Frohlich, [Thomas Kerler] 
260 |a Berlin ; New York :   |b Springer-Verlag,   |c c1993 
300 |a vii, 431 p.;  |b ill.;  |c 24 cm. 
490 1 |a Lecture notes in mathematics (Springer-Verlag)  |v ; 1542 
504 |a Includes bibliographical references (p. 422-428) and index 
650 0 0 |a Quantum groups. 
650 0 0 |a Quantum field theory. 
700 1 |a Kerler, Thomas  |d 1965- 
830 0 |a Lecture notes in mathematics (Springer-Verlag)  |v ; 1542 
852 |a INST  |b SAMOS  |e 19960703  |h 530.143 FRO  |p 005300005317  |q 005300005317  |t BK  |y 0 
909 |a Σ  |b 039239